Annals of surgery (Record no. 191)

MARC details
000 -LEADER
campo de control de longitud fija 00912nas a2200265 i 4500
001 - NÚMERO DE CONTROL
campo de control 191
003 - IDENTIFICADOR DE NÚMERO DE CONTROL
campo de control ES-MaACL
005 - FECHA Y HORA DE LA ÚLTIMA TRANSACCIÓN
campo de control 20250806085351.0
007 - CAMPO FIJO DE DESCRIPCIÓN FÍSICA--INFORMACIÓN GENERAL
campo de control de longitud fija t|
008 - DATOS DE LONGITUD FIJA--INFORMACIÓN GENERAL
campo de control de longitud fija 950801c1885 xxu | | 1 ||ng d
080 ## - NÚMERO DE LA CLASIFICACIÓN DECIMAL UNIVERSAL
Número de la Clasificación Decimal Universal 73
245 00 - MENCIÓN DEL TÍTULO
Título Annals of surgery
Resto del título : a monthly review of surgical science and practice.
260 ## - PUBLICACIÓN, DISTRIBUCIÓN, ETC.
Lugar de publicación, distribución, etc. Philadelphia :
Nombre del editor, distribuidor, etc. J.B. Lippincott Company,
Fecha de publicación, distribución, etc. 1885- (
Lugar de fabricación/manufactura Buenos Aires :
Fabricante Edit. Guillermo Kraft)
300 ## - DESCRIPCIÓN FÍSICA
Extensión 45 v. ;
Dimensiones 26 cm.
310 ## - PERIODICIDAD ACTUAL
Periodicidad actual Mensual
362 1# - FECHAS DE PUBLICACIÓN Y/O DESIGNACIÓN SECUENCIAL
Fecha de publicación y/o designación secuencial Vol. 1 (Jan. 1885)-
500 ## - NOTA GENERAL
Nota general Desde 1942 se recibe la versión castellana con el tít. : Anales de cirugía.
650 17 - PUNTO DE ACCESO ADICIONAL DE MATERIA--TÉRMINO DE MATERIA
Término de materia o nombre geográfico como elemento de entrada Cirugía
Fuente del encabezamiento o término embne
9 (RLIN) 11050
700 1# - ENTRADA AGREGADA--NOMBRE PERSONAL
Nombre de persona Pilcher, Lewis Stephen,
9 (RLIN) 227395
785 00 - ENTRADA/ENLACE A UN TÍTULO POSTERIOR
Encabezamiento principal Anales de cirugía
Lugar, editor y fecha de publicación 1942
852 ## - LOCALIZACIÓN
Ubicación ES-MaACL
Número de control de estantería HEM-252
866 #0 - MENCIÓN TEXTUAL DE FONDOS--UNIDAD BIBLIOGRÁFICA BÁSICA
Fondos 1917(1918f.jun.y oct.)1919-33(1934f.jul.)(1935)(1936f.oct.),(1942)1943-45(1946).
942 ## - ELEMENTOS DE ENTRADA SECUNDARIOS (KOHA)
Fuente del sistema de clasificación o colocación Clasificación decimal universal
Holdings
Estatus retirado Estado de pérdida Fuente del sistema de clasificación o colocación Estado de daño No para préstamo Colección Biblioteca de origen Biblioteca actual Ubicación en estantería Fecha de adquisición Total de préstamos Signatura topográfica completa Código de barras Visto por última vez Precio de reemplazo Tipo de ítem Koha
    Clasificación decimal universal     Periódicos y Revistas Biblioteca del Ateneo de Madrid Biblioteca del Ateneo de Madrid Depósito 1 17/01/2008   HEM-252 1000192 23/02/2023 23/02/2023 Revista